000 00343nam a2200145Ia 4500
008 221007s9999 xx 000 0 und d
041 _aeng
082 _bBEN
100 _aBendre P (2k6205)
_9102137
245 _aPatient Monitoring System
260 _c2008
_bPune University
_aPune
300 _a84p
520 _aBhat S
906 _bGeneral
999 _c69295
_d69295